| 000 | 00489nam a22001697a 4500 | ||
|---|---|---|---|
| 003 | DO-SdBNP | ||
| 005 | 20180328093327.0 | ||
| 008 | 160704b1900 dr||||| |||| 00| 0 spa d | ||
| 040 |
_aBPMSU _bspa _cBPMSU |
||
| 100 | _aNova R., Willian | ||
| 245 |
_aMétodo de aprendizaje para personas iletradas / _cWillian Nova R. |
||
| 260 |
_a[s.l] : _b[s.n] , _c1900 |
||
| 300 |
_a59 p. : _bil. : _c29 cm |
||
| 942 |
_2ddc _cBK |
||
| 945 | _aRemanejado para la BNPHU / 2018 VM | ||
| 956 | _adgarcia | ||
| 999 |
_c10660 _d10660 |
||